• 首页
  • 本馆介绍
  • 公告通知
  • 最新文献
  • 馆藏检索
  • 电子资源
  • 读者导购
  • 参考咨询
  • 我的图书馆
  • 登录
  • 详细信息显示
  • 放入我的书架
  • 预约/预借图书
  • 作者相关作品
  • 分类相关作品
  • 丛书相关作品
  • 出版社相关作品

书目信息

  • 表格格式
  • 工作单格式
  • 卡片格式
题名:
电信工人实用数学
    
 
作者: ;人民邮电出版社 编
分册:  
出版信息: 北京   人民出版社  1982
页数: 378页
开本: 19cm
丛书名:
单 册:
中图分类: TN911.1
科图分类:
主题词: 电信-数学理论 , 数学理论-电信
电子资源:
ISBN:
000 00672nam0 2200241 45
001 0182007168
005 20060814092055.25
010    @dCNY0.96
091    @a15045.2612
100    @a19950615d1982 em y0chiy0121 ea
101 0  @achi
102    @aCN@b110000
105    @ay z 000yy
200 10 @a电信工人实用数学@Adian xin gong ren shi yong shu xue@f人民邮电出版社编
210    @a北京@c人民出版社@d1982
215    @a378页@d19cm
606    @a电信-数学理论
606    @a数学理论-电信
690    @aTN911.1@v3 
711 02 @a人民邮电出版社@Aren min you dian chu ban she@4编
801  0 @aCN@bTSSF@c20060814
801  2 @aCN@bNLC@c20060731
905    @a10447@dTN911.1@e73
    
    电信工人实用数学/人民邮电出版社编.-北京:人民出版社,1982
    378页;19cm
    
    
    ISBN :CNY0.96
    
●
相关链接 在E读中查询图书 在五车中查询图书 在当当中查询图书 在豆瓣中查询图书


正题名:电信工人实用数学     索取号:TN911.1/73         预约/预借

序号 登录号 条形码 馆藏地/架位号 状态 备注
1 0439206   204392068   密集书库/ [索取号:TN911.1/73] 在馆    
2 0458090   204580907   密集书库/ [索取号:TN911.1/73] 在馆    
唐山师范学院图书馆 欢迎您!
大连网信软件有限公司© 版权所有